header

Taxing the financial sector (Record no. 170100)

MARC details
000 -LEADER
fixed length control field 01329nam a2200349 a 4500
245 00 - TITLE STATEMENT
Title Taxing the financial sector
260 ## - PUBLICATION, DISTRIBUTION, ETC. (IMPRINT)
Place of publication Washington, D.C. :
Name of publisher IMF,
Year of publication c2004.
300 ## - PHYSICAL DESCRIPTION
Number of Pages viii, 85 p.
650 #0 - SUBJECT ADDED ENTRY--TOPICAL TERM
Topical Term Fiscal policy.
Topical Term Insurance
Topical Term Securities
Topical Term Financial instruments
Topical Term Financial institutions
Topical Term Value-added tax.
700 1# - ADDED ENTRY--PERSONAL NAME
Personal name Zee, Howell H.
856 40 - ELECTRONIC LOCATION AND ACCESS
Uniform Resource Identifier http://site.ebrary.com/lib/rucke/Doc?id=10300232

No items available.

© 2026 Rongo University
Contact us: librarian | system librarian | Rongo university